[Event "AUTO-OPEN-129"]
[Site "http://www.queenalice.com/game.php?id=24761"]
[Date "2005.8.19"]
[Round "1"]
[White "eminem"]
[Black "salazar"]
[Result "0-1"]
[WhiteElo "1100"]
[BlackElo "1628"]

1. e4 e5 2. Nf3 Nc6 3. Be2 Nf6 4. Bb5 a6 5. Bxc6 dxc6 6. O-O Bg4 7. h3 h5 8.
hxg4 hxg4 9. Nxe5 g3 10. fxg3 Bc5+ 11. Rf2 Bxf2+ 0-1

[Event "Let's Play Chess!"]
[Site "http://www.queenalice.com/game.php?id=37502"]
[Date "2005.11.11"]
[Round "-"]
[White "eminem"]
[Black "edsonholanda"]
[Result "0-1"]
[WhiteElo "1097"]
[BlackElo "1453"]

1. e3 d5 2. d4 Nf6 3. Nc3 e6 4. a3 Bd6 5. Bb5+ Bd7 6. Nf3 Bxb5 7. Nxb5 c6 8.
Nxd6+ Qxd6 9. Bd2 Nbd7 10. O-O O-O 11. Bb4 c5 12. Bxc5 Nxc5 13. dxc5 Qxc5 14.
Ne5 Rad8 15. g3 d4 16. Nd3 Qh5 17. Qxh5 Nxh5 18. Nc5 b6 0-1

[Event "Challenge"]
[Site "http://www.queenalice.com/game.php?id=120545"]
[Date "2006.10.24"]
[Round "-"]
[White "Gota"]
[Black "eminem"]
[Result "0-1"]
[WhiteElo "1061"]
[BlackElo "1219"]

1. e4 e5 2. d4 exd4 3. Qxd4 Nc6 4. Qe3 a6 5. Qf3 Nd4 6. Qd3 Nc6 7. Qg3 Nf6 8. e5
Nh5 9. Qg4 g6 10. Qf3 Qe7 11. Bc4 Nxe5 12. Qc3 Nxc4+ 13. Ne2 Ne5 14. O-O d6 15.
Rd1 Bg7 16. Be3 Nf3+ 17. gxf3 Bxc3 18. Nbxc3 O-O 19. Nf4 Nxf4 20. Bxf4 Qf6 21.
Ne4 Qxf4 22. Rd4 Qxf3 23. Rad1 c5 24. Ng5 Qh5 25. Rd5 f5 26. Ne6 Bxe6 27. Rxd6
Rab8 28. Rxe6 Qxd1+ 0-1

[Event "AUTO-BEG-35"]
[Site "http://www.queenalice.com/game.php?id=121726"]
[Date "2006.10.26"]
[Round "1"]
[White "TomBishop"]
[Black "eminem"]
[Result "0-1"]
[WhiteElo "1281"]
[BlackElo "1133"]

1. e4 e5 2. Nf3 d6 3. c3 Nf6 4. d4 exd4 5. cxd4 Be7 6. e5 dxe5 7. dxe5 Qxd1+ 8.
Kxd1 Nd5 9. b3 O-O 10. Bc4 Nb6 11. Bd3 Rd8 12. Ke2 Nd5 13. Bc4 Nb4 14. Ng5 Rf8
15. e6 f6 16. a3 Nc2 17. Ra2 Nd4+ 18. Kd3 Rd8 19. Nf3 Nxf3+ 20. Ke3 Ng5 21. Nc3
Bxe6 22. Re1 Bc5+ 23. Ke2 Bxc4+ 24. bxc4 Nc6 25. Nb5 Re8+ 26. Kf1 Rxe1+ 27. Kxe1
Bb6 28. Re2 Nd4 29. Nxd4 Bxd4 30. Re7 Bb6 31. c5 Kf8 32. Rd7 Ba5+ 33. Ke2 Ne6
34. Be3 Rd8 35. Rd3 Rxd3 36. Kxd3 b6 37. cxb6 Bxb6 38. Bxb6 axb6 0-1

[Event "AUTO-BEG-35"]
[Site "http://www.queenalice.com/game.php?id=121727"]
[Date "2006.10.26"]
[Round "1"]
[White "eminem"]
[Black "TomBishop"]
[Result "1-0"]
[WhiteElo "1094"]
[BlackElo "1307"]

1. e4 e5 2. Bc4 c6 3. a3 d5 4. exd5 cxd5 5. Bb5+ Bd7 6. Bxd7+ Qxd7 7. d3 d4 8.
Nf3 Nc6 9. O-O Nf6 10. Re1 Bd6 11. Nbd2 O-O 12. Nc4 Bc7 13. Ncxe5 Nxe5 14. Nxe5
Bxe5 15. Rxe5 Qc7 16. Bf4 Nd7 17. Re4 Qb6 18. Rb1 Nf6 19. Re5 Nd7 20. Rg5 Qf6
21. Qg4 g6 22. g3 Rae8 23. Qxd7 1-0

[Event "Let's Play Chess!"]
[Site "http://www.queenalice.com/game.php?id=130007"]
[Date "2006.11.16"]
[Round "-"]
[White "eminem"]
[Black "nunoalmeida"]
[Result "1-0"]
[WhiteElo "1262"]
[BlackElo "1422"]

1. e4 c5 2. Bc4 Nf6 3. Qf3 Nc6 4. d3 e6 5. Bg5 h6 6. Bxf6 gxf6 7. Nc3 Nd4 8. Qd1
f5 9. Nf3 Qf6 10. exf5 Qxf5 11. Nxd4 Qe5+ 12. Nde2 d5 13. Bb5+ Bd7 14. Bxd7+ Ke7
15. Ba4 d4 16. Ne4 Rb8 17. a3 f5 18. Nd2 Qd5 19. Nf4 Qe5+ 20. Ne2 b5 21. Bb3 c4
22. dxc4 bxc4 23. Nxc4 Qe4 24. O-O h5 25. Re1 Rg8 26. Ng3 Qd5 27. Re5 Qc6 28.
Nxf5+ Kf6 29. f3 Bd6 30. Ncxd6 Kxe5 31. Qxd4# 1-0

[Event "Challenge"]
[Site "http://www.queenalice.com/game.php?id=130008"]
[Date "2006.11.16"]
[Round "-"]
[White "eminem"]
[Black "punkbass"]
[Result "0-1"]
[WhiteElo "1275"]
[BlackElo "1370"]

1. e4 c5 2. Bc4 Nc6 3. Qh5 e6 4. Nc3 Nf6 5. Qd1 Bd6 6. a3 O-O 7. d3 b6 8. Nf3
Bb7 9. h3 Bc7 10. O-O Ne7 11. Bg5 d5 12. Bxf6 dxc4 13. Bxe7 Qxe7 14. dxc4 Bf4
15. Re1 Rfd8 16. Qe2 Rd6 17. Nb5 Rd7 18. Rad1 Rad8 19. Rxd7 Rxd7 20. Nxa7 Qd8
21. g3 Bg5 22. Nxg5 Qxg5 23. Rd1 Rxd1+ 24. Qxd1 Bxe4 25. Nb5 h6 26. h4 Qf5 27.
Qd8+ Kh7 28. Nd6 Qe5 29. Nxf7 Qxb2 30. h5 Qc1+ 31. Kh2 Qh1# 0-1

[Event "Let's Play Chess!"]
[Site "http://www.queenalice.com/game.php?id=130158"]
[Date "2006.11.16"]
[Round "-"]
[White "IvanIrk"]
[Black "eminem"]
[Result "1-0"]
[WhiteElo "1533"]
[BlackElo "1285"]

1. e4 e5 2. c3 Nf6 3. d3 h6 4. Be2 Nc6 5. Bf3 a6 6. Ne2 Bc5 7. d4 exd4 8. cxd4
Bb6 9. a3 O-O 10. O-O d6 11. Nbc3 Bd7 12. b4 Ba7 13. a4 Nxb4 14. Ba3 Nc6 15. e5
Nh7 16. exd6 Bb6 17. dxc7 Qxc7 18. Bxf8 1-0